00644 2200193 4500001002100000005001500021035002000036007000300056008004100059020002200100082001600122084002200138100002500160245014500185250002800330260004100358300003300399650001800432INLIS00000000000100420250311085633 a0010-0325000066ta250311 b 0 ind  a978-602-336-801-3 a899.221 301 a899.221 301 AZZ t0 aAzzahra Julia Arifin1 a30 Cerita Anak Terbaik :bHasil Lomba Antar Taman Baca Masyarakat di Surabaya /cAzzahra Julia Arifin (Penulis); Kartika Nuswantara (Editor) aCetakan I, Oktober 2022 aYogyakarta :bDiandra Kreatif,c2022 a116 Halaman :bteks ;c20 cm 4aCerita Pendek